000 00670 a2200253 4500
001 200002453
999 _c200002453
_d34901
003 TR-AnTOB
005 20241014143645.0
008 111102s1972 dk 000 0 d
020 _a87-429-7690-1
040 _aTR-AnTOB
041 0 _arus
050 0 0 _aPG2065
099 _aPCR EASY EAS L3 CHO 1972
100 1 _aTolstoy, Leo,
_cgraf,
_d1828-1910
_9116946
245 1 0 _aChozjain i rabotnik /
_cLev N.Tolstoj.
264 1 _aCopenhagen :
_bAschehoug,
_cc1972
300 _a80 s.:
_c19 cm.
650 0 7 _aRus dili
_vOkuma kitapları
_2etuturkob
_950464
650 0 0 _aRussian language
_vReaders
_950463
910 _a0032110
942 _cBK